000 00288nam a2200097Ia 4500
008 220204s9999 xx 000 0 und d
082 _a633.73:061(047)
_bCOF
245 0 _aCoffee board research department: 24th annual report. 1970-71
260 _aMysore
_bCentral research inst
942 _cBK
999 _c21916
_d21916